[Event "1er Championnat Francophone"]
[Site "Hammamet "]
[Date "2010.04.25"]
[Round "6.4"]
[White "Ouechtati, Mohamed"]
[Black "Adrian, Claude"]
[Result "1-0"]
[WhiteElo "2249"]
[BlackElo "2303"]
[PlyCount "79"]
[EventDate "2010.04.??"]
[EventType "tourn"]
[EventRounds "9"]
[EventCountry "TUN"]

1. c4 c5 2. Nc3 Nf6 3. Nf3 e6 4. g3 d5 5. cxd5 exd5 6. d4 Nc6 7. Bg2 Be7 8. O-O
O-O 9. dxc5 Bxc5 10. Bg5 d4 11. Bxf6 Qxf6 12. Ne4 Qe7 13. Nxc5 Qxc5 14. Rc1 Qb6
15. Qd2 Re8 16. Rfd1 Bg4 17. b3 Rad8 18. Qf4 Bh5 19. Rd2 Bg6 20. Nh4 d3 21.
Bxc6 bxc6 22. Nxg6 hxg6 23. exd3 Rd4 24. Qf3 Re6 25. Rc4 Red6 26. Re2 Rf6 27.
Qe3 Rxc4 28. dxc4 c5 29. Qd2 Re6 30. Rxe6 Qxe6 31. Qf4 Kh7 32. h4 f6 33. Qf3
Qe5 34. Kg2 Qb2 35. h5 gxh5 36. Qxh5+ Kg8 37. Qxc5 Qxa2 38. Qd5+ Kh7 39. c5 f5
40. Qc4 1-0

[Event "1er Championnat Francophone"]
[Site "Hammamet "]
[Date "2010.04.25"]
[Round "2.17"]
[White "Ouechtati, Mohamed"]
[Black "Tritar, Kamel"]
[Result "1-0"]
[WhiteElo "2249"]
[BlackElo "2049"]
[PlyCount "79"]
[EventDate "2010.04.??"]
[EventType "tourn"]
[EventRounds "9"]
[EventCountry "TUN"]

1. c4 Nf6 2. Nc3 b6 3. e4 Bb7 4. Bd3 d6 5. Nf3 e5 6. Bc2 Nbd7 7. d4 Be7 8. O-O
O-O 9. dxe5 Nxe5 10. b3 Re8 11. Bb2 Ng6 12. Re1 Bf8 13. Qd2 Ng4 14. Rad1 N4e5
15. Nd4 a6 16. f4 Nc6 17. Nf5 Nce7 18. Nd5 Nxd5 19. cxd5 Bc8 20. Qf2 f6 21. h4
Ne7 22. Nd4 Bg4 23. Rd3 Qd7 24. f5 Kh8 25. Ne6 Ng8 26. Rg3 Bh5 27. Rc3 Ra7 28.
Bd1 Bxd1 29. Rxd1 Be7 30. Bc1 Rc8 31. Be3 Rb7 32. h5 Nh6 33. Rdc1 b5 34. b4 Bd8
35. Bxh6 gxh6 36. Qd2 Qf7 37. Qxh6 Be7 38. Kf2 Bf8 39. Nxf8 Rxf8 40. Rxc7 1-0

[Event "1er Championnat Francophone"]
[Site "Hammamet "]
[Date "2010.04.25"]
[Round "5.1"]
[White "Maisuradze, Nino"]
[Black "Hautot, Stephane"]
[Result "0-1"]
[WhiteElo "2254"]
[BlackElo "2410"]
[PlyCount "78"]
[EventDate "2010.04.??"]
[EventType "tourn"]
[EventRounds "9"]
[EventCountry "TUN"]

1. d4 d5 2. c4 c6 3. cxd5 cxd5 4. Nc3 Nc6 5. Bf4 Nf6 6. e3 e6 7. Bd3 Be7 8. Rc1
a6 9. h3 b5 10. Nf3 Bb7 11. O-O O-O 12. Ne5 Na5 13. Qe2 Rc8 14. Rfd1 Qb6 15.
Bg5 Rc7 16. Ng4 Ne4 17. Bxe7 Rxe7 18. b4 Nc6 19. Nxe4 dxe4 20. Bxe4 Nxb4 21.
Nf6+ gxf6 22. Qg4+ Kh8 23. Qh4 Bxe4 24. Qxf6+ Kg8 25. Qxe7 Nxa2 26. Rc7 b4 27.
h4 Nc3 28. Re1 h6 29. h5 Nd5 30. Rb7 Qc6 31. Qh4 Qxb7 32. Qxe4 Qe7 33. Qd3 Rb8
34. e4 Nf4 35. Qxa6 b3 36. d5 b2 37. Rb1 exd5 38. Qxh6 Qxe4 39. Qg5+ Kh7 0-1

[Event "1er Championnat Francophone"]
[Site "Hammamet "]
[Date "2010.04.25"]
[Round "5.3"]
[White "Adrian, Claude"]
[Black "Harovelo, Ingmar"]
[Result "0-1"]
[WhiteElo "2303"]
[BlackElo "2203"]
[PlyCount "74"]
[EventDate "2010.04.??"]
[EventType "tourn"]
[EventRounds "9"]
[EventCountry "TUN"]

1. c4 c5 2. Nf3 Nf6 3. Nc3 b6 4. e4 d6 5. d4 cxd4 6. Nxd4 Bb7 7. Qe2 e6 8. g3
a6 9. Bg2 Nbd7 10. O-O Qc7 11. Bd2 Rc8 12. b3 Be7 13. Kh1 O-O 14. f4 Rfe8 15.
g4 d5 16. e5 Bc5 17. Be3 Bb4 18. Rac1 Ne4 19. Nxe4 dxe4 20. Bg1 g5 21. Bxe4
Bxe4+ 22. Qxe4 Bd2 23. Rcd1 Bxf4 24. Ne2 Bxe5 25. h4 Bg7 26. hxg5 b5 27. Bh2
Qa7 28. Rf3 bxc4 29. bxc4 Nc5 30. Qe3 Red8 31. Rxd8+ Rxd8 32. Qg1 Qb7 33. Kg2
Rd3 34. Qf1 Ra3 35. Ng3 Nd3 36. Qe2 Ne1+ 37. Qxe1 Qxf3+ 0-1

[Event "1er Championnat Francophone"]
[Site "Hammamet "]
[Date "2010.04.25"]
[Round "7.8"]
[White "Eden, James"]
[Black "Mossong, Hubert"]
[Result "1/2-1/2"]
[WhiteElo "2047"]
[BlackElo "2162"]
[PlyCount "71"]
[EventDate "2010.04.??"]
[EventType "tourn"]
[EventRounds "9"]
[EventCountry "TUN"]

1. e4 d6 2. d4 Nf6 3. Nc3 c6 4. f4 Qa5 5. Bd3 e5 6. Nf3 Bg4 7. Be3 Nbd7 8. Qd2
Be7 9. O-O-O b5 10. Kb1 b4 11. Ne2 O-O 12. h3 Bxf3 13. gxf3 Rfc8 14. Rdg1 c5
15. dxe5 dxe5 16. Bc4 Nb6 17. Qd3 Nfd7 18. Nc1 Nxc4 19. Qxd7 Qc7 20. Qg4 Bf6
21. Bf2 exf4 22. Nd3 Be5 23. Bh4 Ne3 24. Qh5 Bd4 25. Bg5 c4 26. Bxf4 Qb7 27.
Be5 Bxe5 28. Nxe5 b3 29. axb3 cxb3 30. c3 f6 31. Ng4 Qa6 32. Nh6+ Kh8 33. Nf7+
Kg8 34. Nh6+ Kh8 35. Nf7+ Kg8 36. Nh6+ 1/2-1/2

[Event "1er Championnat Francophone"]
[Site "Hammamet "]
[Date "2010.04.25"]
[Round "3.12"]
[White "Lebel, Patrick"]
[Black "Peignien, Laurent"]
[Result "1/2-1/2"]
[WhiteElo "2113"]
[BlackElo "1528"]
[PlyCount "72"]
[EventDate "2010.04.??"]
[EventType "tourn"]
[EventRounds "9"]
[EventCountry "TUN"]

1. b4 e5 2. Bb2 Bxb4 3. Bxe5 Nf6 4. Nf3 Nc6 5. Bb2 d5 6. e3 Bf5 7. Be2 O-O 8.
O-O Re8 9. d3 Bf8 10. Nbd2 g6 11. Rb1 b6 12. c4 Nb4 13. Ne1 c5 14. a3 Nc6 15.
Bxf6 Qxf6 16. cxd5 Na5 17. Qc2 Rac8 18. Nc4 Nb7 19. Nf3 Nd6 20. Nfd2 b5 21.
Nxd6 Bxd6 22. Rxb5 c4 23. Nxc4 Bxa3 24. Qb3 Bc5 25. Rb7 Re7 26. d4 Bxd4 27.
Rxe7 Qxe7 28. exd4 Qxe2 29. Nd6 Bd3 30. Ra1 Rc2 31. Qb8+ Kg7 32. Ne8+ Kg8 33.
Nd6+ Kg7 34. Ne8+ Kg8 35. Nc7+ Kg7 36. Ne8+ Kf8 1/2-1/2

[Event "1er Championnat Francophone"]
[Site "Hammamet "]
[Date "2010.04.25"]
[Round "6.2"]
[White "Hautot, Stephane"]
[Black "Kaabi, Mejdi"]
[Result "1-0"]
[WhiteElo "2410"]
[BlackElo "2315"]
[PlyCount "69"]
[EventDate "2010.04.??"]
[EventType "tourn"]
[EventRounds "9"]
[EventCountry "TUN"]

1. e4 e5 2. Nf3 Nc6 3. Bc4 Bc5 4. c3 d6 5. d4 exd4 6. cxd4 Bb6 7. Bg5 Nf6 8.
Nc3 Bg4 9. d5 Bxf3 10. gxf3 Ne5 11. Be2 h6 12. Be3 Bxe3 13. fxe3 c5 14. dxc6
bxc6 15. f4 Ng6 16. Qd4 Qe7 17. O-O-O Rd8 18. h4 h5 19. Rdg1 Kf8 20. Rg5 Rh7
21. Bf3 Kg8 22. Qc4 d5 23. Qxc6 d4 24. exd4 Nxf4 25. e5 Nd3+ 26. Kb1 Qb4 27.
Qb5 Qxb5 28. Nxb5 Ng4 29. Be4 Rh6 30. Bxd3 Nf2 31. Rhg1 Nxd3 32. Rxg7+ Kf8 33.
Rg8+ Ke7 34. Rxd8 Kxd8 35. Nd6 1-0

[Event "1er Championnat Francophone"]
[Site "Hammamet "]
[Date "2010.04.25"]
[Round "5.22"]
[White "Rechi Perez, Francesco"]
[Black "Peignien, Laurent"]
[Result "1-0"]
[WhiteElo "1967"]
[BlackElo "1528"]
[PlyCount "70"]
[EventDate "2010.04.??"]
[EventType "tourn"]
[EventRounds "9"]
[EventCountry "TUN"]

1. e4 e6 2. d4 d5 3. Nd2 Bb4 4. c3 Ba5 5. Qg4 Kf8 6. e5 c5 7. dxc5 Nd7 8. Qd4
Ne7 9. b4 Bc7 10. f4 b6 11. Bd3 bxc5 12. bxc5 Nc6 13. Qf2 Ba5 14. Ne2 Qe7 15.
Nb3 Bd8 16. Be3 Qh4 17. Qxh4 Bxh4+ 18. g3 Be7 19. Bb5 Bb7 20. O-O-O Rc8 21. Kb2
Ncb8 22. c6 Nxc6 23. Bxc6 Bxc6 24. Bxa7 Ra8 25. Bd4 Ba3+ 26. Kc2 Bb5 27. Nec1
Ke7 28. Nd3 Rhc8 29. Rhe1 Rc6 30. Kb1 Nb6 31. Nb4 Bxb4 32. cxb4 Nc4 33. Bc5+
Ke8 34. Nd4 Rca6 35. Nxb5 Rxa2 1-0

[Event "1er Championnat Francophone"]
[Site "Hammamet "]
[Date "2010.04.25"]
[Round "5.5"]
[White "Boudriga, Med Ali"]
[Black "Ouechtati, Mohamed"]
[Result "0-1"]
[WhiteElo "2138"]
[BlackElo "2249"]
[PlyCount "68"]
[EventDate "2010.04.??"]
[EventType "tourn"]
[EventRounds "9"]
[EventCountry "TUN"]

1. Nf3 Nf6 2. c4 g6 3. Nc3 Bg7 4. e4 d6 5. d4 O-O 6. Be2 c5 7. d5 b5 8. cxb5 a6
9. bxa6 Bxa6 10. O-O Nbd7 11. a4 Qc7 12. Ra3 Rfb8 13. Bxa6 Rxa6 14. Nd2 Ne5 15.
f4 Nd3 16. Nb5 Rxb5 17. axb5 Rxa3 18. bxa3 c4 19. Qe2 Qc5+ 20. Kh1 Qxb5 21. g3
h5 22. Kg2 c3 23. Kf3 cxd2 24. Bxd2 Qb3 25. Kg2 Nc5 26. e5 Qxd5+ 27. Qf3 Qxd2+
28. Rf2 Qc1 29. exf6 Bxf6 30. f5 Kg7 31. fxg6 fxg6 32. h4 Nd7 33. a4 Ne5 34.
Qb3 Ng4 0-1

[Event "1er Championnat Francophone"]
[Site "Hammamet "]
[Date "2010.04.25"]
[Round "8.1"]
[White "Hautot, Stephane"]
[Black "Harovelo, Ingmar"]
[Result "1/2-1/2"]
[WhiteElo "2410"]
[BlackElo "2203"]
[PlyCount "68"]
[EventDate "2010.04.??"]
[EventType "tourn"]
[EventRounds "9"]
[EventCountry "TUN"]

1. e4 c5 2. Nf3 d6 3. d4 cxd4 4. Nxd4 Nf6 5. Nc3 Nc6 6. f3 e6 7. Be3 Be7 8. Qd2
a6 9. O-O-O O-O 10. g4 Nd7 11. h4 Nde5 12. Qf2 Qc7 13. g5 b5 14. Nxc6 Qxc6 15.
Ne2 Bb7 16. Nd4 Qc7 17. h5 d5 18. g6 dxe4 19. h6 hxg6 20. hxg7 Rfc8 21. Kb1
Kxg7 22. Bh6+ Kg8 23. Bf4 Bf6 24. Qh2 Kf8 25. Qg3 Ke7 26. Bh3 Rg8 27. fxe4 g5
28. Qa3+ Ke8 29. Bg3 Qe7 30. Qb3 Bxe4 31. Rhe1 Bd5 32. Qe3 Nc4 33. Qf2 g4 34.
Bf1 Rg6 1/2-1/2

[Event "1er Championnat Francophone"]
[Site "Hammamet "]
[Date "2010.04.25"]
[Round "3.25"]
[White "Matoussi, Amani"]
[Black "Zenaidi, Kais"]
[Result "0-1"]
[WhiteElo "1596"]
[BlackElo "1937"]
[PlyCount "67"]
[EventDate "2010.04.??"]
[EventType "tourn"]
[EventRounds "9"]
[EventCountry "TUN"]

1. e4 c5 2. c3 d5 3. exd5 Qxd5 4. d4 cxd4 5. cxd4 Nc6 6. Be3 e6 7. Nc3 Bb4 8.
a3 Bxc3+ 9. bxc3 Nf6 10. Nf3 O-O 11. Bd3 Na5 12. O-O Nc4 13. Qc2 h6 14. Qe2 b5
15. a4 Bd7 16. axb5 Bxb5 17. Rfd1 a6 18. Bf4 Rfc8 19. Rdc1 Nh5 20. Bd2 Rab8 21.
Ne1 Nf6 22. Nc2 Qd6 23. Ne3 Nxd2 24. Qxd2 Bxd3 25. Qxd3 Rc6 26. c4 Rd8 27. Rd1
Qf4 28. d5 exd5 29. cxd5 Rcd6 30. Rxa6 Ne4 31. Rxd6 Qxf2+ 32. Kh1 Nxd6 33. Rc1
Re8 34. Nc2 0-1

[Event "1er Championnat Francophone"]
[Site "Hammamet "]
[Date "2010.04.25"]
[Round "4.1"]
[White "Hautot, Stephane"]
[Black "Gulbas, Cemil"]
[Result "1/2-1/2"]
[WhiteElo "2410"]
[BlackElo "2364"]
[PlyCount "65"]
[EventDate "2010.04.??"]
[EventType "tourn"]
[EventRounds "9"]
[EventCountry "TUN"]

1. e4 g6 2. d4 Bg7 3. Nc3 c6 4. f4 d5 5. e5 Nh6 6. Nf3 Bg4 7. Be3 Nf5 8. Bf2 h5
9. h3 Bxf3 10. Qxf3 Qb6 11. O-O-O h4 12. Bd3 e6 13. Kb1 Nd7 14. Qg4 O-O-O 15.
Rhe1 Bf8 16. Qf3 Bb4 17. Bf1 Kb8 18. Ka1 a6 19. a3 Qa5 20. Rd3 c5 21. Kb1 Bxc3
22. Rxc3 cxd4 23. Rd3 Nc5 24. b4 Qb6 25. Rxd4 Ne4 26. Rdxe4 dxe4 27. Bxb6 exf3
28. Bxd8 fxg2 29. Bxg2 Rxd8 30. Kc1 Rd4 31. Re4 Rd8 32. Re2 Rd4 33. Re4 1/2-1/2

[Event "1er Championnat Francophone"]
[Site "Hammamet "]
[Date "2010.04.25"]
[Round "4.17"]
[White "Peignien, Laurent"]
[Black "Taeib, Sahbi"]
[Result "0-1"]
[WhiteElo "1528"]
[BlackElo "2051"]
[PlyCount "66"]
[EventDate "2010.04.??"]
[EventType "tourn"]
[EventRounds "9"]
[EventCountry "TUN"]

1. e4 c5 2. c3 d5 3. exd5 Qxd5 4. d4 cxd4 5. Nf3 Bg4 6. Be2 d3 7. Qxd3 Qxd3 8.
Bxd3 Bxf3 9. gxf3 Nc6 10. Bf4 e5 11. Bg3 h5 12. Be4 Bd6 13. h4 Nge7 14. Nd2 f5
15. Bxc6+ Nxc6 16. Nc4 Bc7 17. O-O-O f4 18. Bh2 Rd8 19. Rde1 O-O 20. Rhg1 Kh7
21. Rg5 g6 22. Nxe5 Nxe5 23. Rgxe5 Bxe5 24. Rxe5 Rd7 25. Re4 Rdf7 26. Kc2 Kh6
27. Re6 Rf6 28. Rxf6 Rxf6 29. Kd3 g5 30. Ke4 Kg6 31. hxg5 Kxg5 32. c4 Re6+ 33.
Kd3 Re1 0-1

[Event "1er Championnat Francophone"]
[Site "Hammamet "]
[Date "2010.04.25"]
[Round "3.3"]
[White "Adrian, Claude"]
[Black "Flear, Christine"]
[Result "1/2-1/2"]
[WhiteElo "2303"]
[BlackElo "2154"]
[PlyCount "64"]
[EventDate "2010.04.??"]
[EventType "tourn"]
[EventRounds "9"]
[EventCountry "TUN"]

1. c4 e6 2. Nc3 d5 3. d4 Be7 4. Nf3 Nf6 5. cxd5 exd5 6. Bf4 c6 7. Qc2 O-O 8. e3
Nbd7 9. Bd3 Re8 10. g4 Nf8 11. h3 Be6 12. O-O-O b5 13. Ne5 Qb6 14. Kb1 Rec8 15.
Rhg1 c5 16. g5 Nh5 17. dxc5 Rxc5 18. Qd2 a6 19. Rc1 Rac8 20. h4 Qb7 21. Ne2
Rxc1+ 22. Rxc1 Nxf4 23. Nxf4 Bd6 24. Nxe6 Nxe6 25. Nf3 Rxc1+ 26. Qxc1 Qc7 27.
Nd4 Qxc1+ 28. Kxc1 Nc5 29. Kc2 g6 30. b3 Kf8 31. a4 bxa4 32. bxa4 Nxa4 1/2-1/2

[Event "1er Championnat Francophone"]
[Site "Hammamet "]
[Date "2010.04.25"]
[Round "2.7"]
[White "Ben Said, Ahmed"]
[Black "Harovelo, Ingmar"]
[Result "0-1"]
[WhiteElo "1962"]
[BlackElo "2203"]
[PlyCount "64"]
[EventDate "2010.04.??"]
[EventType "tourn"]
[EventRounds "9"]
[EventCountry "TUN"]

1. e4 c5 2. Nc3 Nc6 3. Bb5 Nd4 4. Bc4 g6 5. Nge2 Bg7 6. Nxd4 cxd4 7. Ne2 e6 8.
O-O Ne7 9. f4 d5 10. Bb5+ Nc6 11. e5 Qb6 12. Bxc6+ bxc6 13. d3 f6 14. exf6 Bxf6
15. Kh1 O-O 16. Ng1 c5 17. Nf3 c4 18. Re1 cxd3 19. Qxd3 Ba6 20. Qd1 Rac8 21.
Ne5 Rc7 22. b3 Bg7 23. Bb2 Rxf4 24. Nf3 e5 25. Qd2 Qd6 26. a4 Rcf7 27. h3 e4
28. Nxd4 Rf2 29. Qe3 Bf1 30. Qxf2 Rxf2 31. Rxf1 Qg3 32. Rxf2 Qxf2 0-1

[Event "1er Championnat Francophone"]
[Site "Hammamet "]
[Date "2010.04.25"]
[Round "2.8"]
[White "Jarraya, Zied"]
[Black "Rechi Perez, Francesco"]
[Result "1-0"]
[WhiteElo "2202"]
[BlackElo "1967"]
[PlyCount "63"]
[EventDate "2010.04.??"]
[EventType "tourn"]
[EventRounds "9"]
[EventCountry "TUN"]

1. e4 e6 2. d4 d5 3. Nc3 dxe4 4. Nxe4 Nf6 5. Nxf6+ Qxf6 6. Nf3 h6 7. Be3 Bd7 8.
Qd2 Nc6 9. O-O-O Bd6 10. Ne5 Nxe5 11. dxe5 Qxe5 12. Bd4 Qg5 13. Qxg5 hxg5 14.
Bxg7 Bf4+ 15. Kb1 Rg8 16. Bf6 Rg6 17. Bc3 O-O-O 18. h4 gxh4 19. Rxh4 Bd6 20.
Rh7 f5 21. g3 Bc6 22. Bc4 b5 23. Be2 e5 24. a4 b4 25. Bxe5 Bxa4 26. Ba6+ Kb8
27. Bxd6 Rgxd6 28. Rxd6 cxd6 29. Rb7+ Ka8 30. Rxb4 Bc6 31. Rf4 Bd7 32. Bd3 1-0

[Event "1er Championnat Francophone"]
[Site "Hammamet "]
[Date "2010.04.25"]
[Round "8.11"]
[White "Zenaidi, Kais"]
[Black "Kirszenberg, Marc"]
[Result "0-1"]
[WhiteElo "1937"]
[BlackElo "2185"]
[PlyCount "64"]
[EventDate "2010.04.??"]
[EventType "tourn"]
[EventRounds "9"]
[EventCountry "TUN"]

1. e4 d5 2. exd5 Nf6 3. d4 Nxd5 4. c4 Nb6 5. Nc3 e5 6. c5 exd4 7. cxb6 dxc3 8.
Qxd8+ Kxd8 9. bxc7+ Kxc7 10. Bf4+ Bd6 11. Bxd6+ Kxd6 12. O-O-O+ Kc7 13. bxc3
Be6 14. Kb2 Nd7 15. Nf3 Nb6 16. Nd4 Bd5 17. c4 Bc6 18. Nxc6 Kxc6 19. Be2 Rad8
20. Kb3 Rhe8 21. Rxd8 Rxd8 22. Bf3+ Kc5 23. Bxb7 Rb8 24. Ba6 Nd5+ 25. Ka4 Rb4+
26. Ka3 Nc3 27. Bc8 g6 28. Bg4 Nb1+ 29. Rxb1 Rxb1 30. Be2 Re1 31. Bf3 Kxc4 32.
Kb2 Kd4 0-1

[Event "1er Championnat Francophone"]
[Site "Hammamet "]
[Date "2010.04.25"]
[Round "4.2"]
[White "Flear, Christine"]
[Black "Kaabi, Mejdi"]
[Result "1/2-1/2"]
[WhiteElo "2154"]
[BlackElo "2315"]
[PlyCount "61"]
[EventDate "2010.04.??"]
[EventType "tourn"]
[EventRounds "9"]
[EventCountry "TUN"]

1. d4 Nf6 2. c4 g6 3. Nc3 Bg7 4. e4 d6 5. Be2 O-O 6. Bg5 c5 7. d5 e6 8. dxe6
Bxe6 9. Nf3 Nc6 10. O-O Re8 11. Qd2 Qb6 12. Rad1 Qb4 13. Bxf6 Bxf6 14. Nb5 Qxd2
15. Rxd2 Rad8 16. Nxd6 Re7 17. b3 Red7 18. Rfd1 Nd4 19. Nxd4 Bxd4 20. e5 Bxe5
21. Ne4 Rxd2 22. Rxd2 Rxd2 23. Nxd2 Bf5 24. Bf3 b6 25. Ne4 h5 26. h3 h4 27. Kf1
Kf8 28. Ke2 Ke7 29. Ke3 Bd4+ 30. Ke2 Ke6 31. Nd2 1/2-1/2

[Event "1er Championnat Francophone"]
[Site "Hammamet "]
[Date "2010.04.25"]
[Round "2.10"]
[White "Mossong, Hubert"]
[Black "Matoussi, Amina"]
[Result "1-0"]
[WhiteElo "2162"]
[BlackElo "1774"]
[PlyCount "61"]
[EventDate "2010.04.??"]
[EventType "tourn"]
[EventRounds "9"]
[EventCountry "TUN"]

1. e4 d6 2. d4 Nf6 3. Bd3 g6 4. Ne2 Bg7 5. O-O O-O 6. f3 Nbd7 7. Be3 c6 8. Qd2
e5 9. c4 exd4 10. Bxd4 Re8 11. Nbc3 Ne5 12. Rfd1 Nh5 13. Be3 a6 14. Rac1 Qh4
15. Bg5 Nxf3+ 16. gxf3 Qh3 17. Rf1 Be5 18. Rf2 f6 19. Be3 g5 20. Rcf1 Kh8 21.
Rg2 Rg8 22. Nd1 g4 23. f4 g3 24. hxg3 Rxg3 25. Nxg3 Nxg3 26. fxe5 Qh1+ 27. Kf2
Nxf1 28. Bxf1 Bh3 29. Rg1 Qh2+ 30. Ke1 Qxd2+ 31. Bxd2 1-0

[Event "1er Championnat Francophone"]
[Site "Hammamet "]
[Date "2010.04.25"]
[Round "4.8"]
[White "Ouechtati, Mohamed"]
[Black "Matoussi, Amina"]
[Result "1-0"]
[WhiteElo "2249"]
[BlackElo "1774"]
[PlyCount "61"]
[EventDate "2010.04.??"]
[EventType "tourn"]
[EventRounds "9"]
[EventCountry "TUN"]

1. c4 Nf6 2. Nc3 g6 3. e4 d6 4. d4 Bg7 5. f3 O-O 6. Be3 e5 7. d5 Ne8 8. Qd2 f5
9. Bg5 Nf6 10. Nge2 f4 11. Nc1 h6 12. Bh4 Nxe4 13. Bxd8 Nxd2 14. Bxc7 Nxf3+ 15.
gxf3 Bf5 16. Bxd6 Rd8 17. Bxb8 Raxb8 18. Bd3 Bh3 19. Rg1 g5 20. Nb3 b6 21.
O-O-O a5 22. Nd2 Rf8 23. Nde4 Bf5 24. Nb5 Bg6 25. h4 Bxe4 26. Bxe4 Bf6 27. hxg5
hxg5 28. Kb1 Kg7 29. Nc7 Rh8 30. Ne6+ Kh6 31. Rh1# 1-0

[Event "1er Championnat Francophone"]
[Site "Hammamet "]
[Date "2010.04.25"]
[Round "1.1"]
[White "Oster, Jean Marie"]
[Black "Hautot, Stephane"]
[Result "0-1"]
[WhiteElo "1621"]
[BlackElo "2410"]
[PlyCount "60"]
[EventDate "2010.04.??"]
[EventType "tourn"]
[EventRounds "9"]
[EventCountry "TUN"]

1. Nf3 d5 2. c4 c6 3. e3 Nf6 4. d4 e6 5. Nc3 Nbd7 6. a3 Bd6 7. b4 O-O 8. Bb2
Qe7 9. cxd5 exd5 10. Be2 Re8 11. Rc1 a5 12. b5 Bxa3 13. Bxa3 Qxa3 14. bxc6 bxc6
15. O-O Qd6 16. Na4 Ba6 17. Nc5 Nxc5 18. Rxc5 Bxe2 19. Qxe2 Ne4 20. Qc2 Nxc5
21. dxc5 Qg6 22. Qa4 Ra6 23. Rd1 Rb8 24. h3 h6 25. Ne5 Qe6 26. Nf3 Rb4 27. Qa3
Qe4 28. Nd2 Qc2 29. Qa1 Rb2 30. Nf3 Qxf2+ 0-1

[Event "1er Championnat Francophone"]
[Site "Hammamet "]
[Date "2010.04.25"]
[Round "7.1"]
[White "Khlif, Ahmed"]
[Black "Hautot, Stephane"]
[Result "0-1"]
[WhiteElo "2056"]
[BlackElo "2410"]
[PlyCount "58"]
[EventDate "2010.04.??"]
[EventType "tourn"]
[EventRounds "9"]
[EventCountry "TUN"]

1. e4 c5 2. Nc3 e6 3. Nf3 Nc6 4. d4 cxd4 5. Nxd4 d6 6. Bb5 Bd7 7. Be3 Nf6 8.
O-O Be7 9. f4 Qc7 10. Qe2 O-O 11. Rad1 Nxd4 12. Bxd4 e5 13. fxe5 dxe5 14. Bxe5
Qxe5 15. Bxd7 Bd6 16. Bh3 Qxh2+ 17. Kf2 Bc5+ 18. Ke1 Qg3+ 19. Kd2 Qg5+ 20. Ke1
Rfe8 21. Rd3 Bb4 22. Kd1 Bxc3 23. bxc3 Rxe4 24. Qd2 Qb5 25. Kc1 Rae8 26. Bf5
Re2 27. Qg5 R8e5 28. c4 Qxc4 29. Rf4 Qxa2 0-1

[Event "1er Championnat Francophone"]
[Site "Hammamet "]
[Date "2010.04.25"]
[Round "2.9"]
[White "Frier, Damiens"]
[Black "Kirszenberg, Marc"]
[Result "0-1"]
[WhiteElo "1795"]
[BlackElo "2185"]
[PlyCount "56"]
[EventDate "2010.04.??"]
[EventType "tourn"]
[EventRounds "9"]
[EventCountry "TUN"]

1. e4 d5 2. exd5 Nf6 3. d4 Nxd5 4. c4 Nb6 5. Nf3 g6 6. h3 Bg7 7. Be2 O-O 8. O-O
Nc6 9. Be3 e5 10. dxe5 Nxe5 11. Nxe5 Bxe5 12. Nc3 Be6 13. Bxb6 axb6 14. Qc1 Qh4
15. f4 Bd4+ 16. Kh2 Rfe8 17. Qe1 Qh6 18. Rf3 Bxc4 19. Bxc4 Rxe1 20. Rxe1 Qf8
21. Rd1 Qc5 22. Bb3 Re8 23. Rfd3 Bxc3 24. bxc3 Re4 25. Rd7 Rxf4 26. Rxf7 Rxf7
27. Rf1 Qxc3 28. Rxf7 Qxb3 0-1

[Event "1er Championnat Francophone"]
[Site "Hammamet "]
[Date "2010.04.25"]
[Round "2.6"]
[White "Grobelny, Fabrice"]
[Black "Maisuradze, Nino"]
[Result "0-1"]
[WhiteElo "1972"]
[BlackElo "2254"]
[PlyCount "56"]
[EventDate "2010.04.??"]
[EventType "tourn"]
[EventRounds "9"]
[EventCountry "TUN"]

1. c4 e5 2. Nc3 Nc6 3. g3 g6 4. Bg2 Bg7 5. e3 d6 6. Nge2 Nf6 7. d4 exd4 8. exd4
Bf5 9. O-O Qd7 10. Bf4 Bh3 11. Qd2 h5 12. Qe3+ Kf8 13. Bg5 h4 14. gxh4 Bxg2 15.
Kxg2 Nh7 16. Bf4 Re8 17. Qg3 Ne7 18. Qh3 Qc6+ 19. Qf3 Qxc4 20. Bg3 Qc6 21. d5
Qd7 22. Nf4 Nf5 23. Rae1 Nf6 24. Rxe8+ Qxe8 25. Rd1 Nxh4+ 26. Bxh4 Rxh4 27.
Nce2 Qe5 28. Rd4 Kg8 0-1

[Event "1er Championnat Francophone"]
[Site "Hammamet "]
[Date "2010.04.25"]
[Round "7.11"]
[White "Adrian, Claude"]
[Black "Lesbros, Bernard"]
[Result "1-0"]
[WhiteElo "2303"]
[BlackElo "2026"]
[PlyCount "53"]
[EventDate "2010.04.??"]
[EventType "tourn"]
[EventRounds "9"]
[EventCountry "TUN"]

1. Nf3 c5 2. c4 Nf6 3. Nc3 d5 4. cxd5 Nxd5 5. e4 Nb4 6. Bc4 Nd3+ 7. Ke2 Nf4+ 8.
Kf1 Ng6 9. d4 cxd4 10. Qxd4 Bd7 11. Qd5 e6 12. Qxb7 Nc6 13. Bg5 Be7 14. Bxe7
Kxe7 15. Rd1 Rb8 16. Qa6 Qa5 17. Rd2 Qc5 18. a3 Rb6 19. Na4 Qh5 20. Nxb6 axb6
21. Qxb6 Nge5 22. Qc5+ Ke8 23. Bb5 Nxf3 24. Qxh5 Nxd2+ 25. Ke2 Nxe4 26. Bxc6
Bxc6 27. Rc1 1-0

[Event "1er Championnat Francophone"]
[Site "Hammamet "]
[Date "2010.04.25"]
[Round "1.3"]
[White "Matoussi, Amani"]
[Black "Kaabi, Mejdi"]
[Result "0-1"]
[WhiteElo "1596"]
[BlackElo "2315"]
[PlyCount "54"]
[EventDate "2010.04.??"]
[EventType "tourn"]
[EventRounds "9"]
[EventCountry "TUN"]

1. e4 c5 2. c3 Nf6 3. e5 Nd5 4. d4 cxd4 5. cxd4 e6 6. Bc4 Nb6 7. Bb3 d6 8. Nf3
Nc6 9. O-O Be7 10. Nc3 O-O 11. Bf4 dxe5 12. dxe5 Nb4 13. Bd2 Bd7 14. Qe2 Bc6
15. Ne1 Qd4 16. a3 N4d5 17. Nf3 Nxc3 18. Bxc3 Qg4 19. Bd1 Rfd8 20. h3 Qe4 21.
Qxe4 Bxe4 22. Re1 Bg6 23. Ba5 Rac8 24. Bxb6 axb6 25. Bb3 Rd3 26. Ba2 Bh5 27.
Nh2 Rd2 0-1

[Event "1er Championnat Francophone"]
[Site "Hammamet "]
[Date "2010.04.25"]
[Round "7.15"]
[White "Frier, Damiens"]
[Black "Lebel, Patrick"]
[Result "0-1"]
[WhiteElo "1795"]
[BlackElo "2113"]
[PlyCount "52"]
[EventDate "2010.04.??"]
[EventType "tourn"]
[EventRounds "9"]
[EventCountry "TUN"]

1. e4 Nf6 2. Nc3 Nc6 3. d4 d5 4. e5 Ng8 5. f4 h5 6. Nf3 Bg4 7. Be2 e6 8. Be3
Nh6 9. a3 Nf5 10. Qd2 Be7 11. O-O-O a6 12. Kb1 Na5 13. Bf2 b6 14. h3 Bxf3 15.
Bxf3 Nc4 16. Qc1 h4 17. Be2 b5 18. Bxc4 bxc4 19. Ne2 Rb8 20. Ka1 Qd7 21. Qd2
Qa4 22. Nc3 Qa5 23. Ka2 Rxb2+ 24. Kxb2 Qxa3+ 25. Kb1 Kd7 26. Na2 Rb8+ 0-1

[Event "1er Championnat Francophone"]
[Site "Hammamet "]
[Date "2010.04.25"]
[Round "2.11"]
[White "Marzouk, Amira"]
[Black "Flear, Christine"]
[Result "0-1"]
[WhiteElo "1740"]
[BlackElo "2154"]
[PlyCount "48"]
[EventDate "2010.04.??"]
[EventType "tourn"]
[EventRounds "9"]
[EventCountry "TUN"]

1. e4 c5 2. Nf3 e6 3. d4 cxd4 4. Nxd4 a6 5. c4 Nf6 6. Nc3 d6 7. Be2 g6 8. Be3
Bg7 9. Qd2 O-O 10. Bh6 Qc7 11. Bxg7 Kxg7 12. O-O b6 13. Rac1 Bb7 14. f3 Nbd7
15. Rfd1 Rfd8 16. Qe3 Rac8 17. b3 Qb8 18. f4 Qa8 19. Bf3 Nc5 20. e5 dxe5 21.
fxe5 Bxf3 22. Nxf3 Nd3 23. Rxd3 Rxd3 24. Ne4 Qxe4 0-1